000 00469nam a2200169Ia 4500
005 20250423094942.0
008 250422s9999 xx 000 0 und d
020 _a7897985247077
050 _aPN 4784.R4 .E85/
100 _aEsimokha, Godwin A.
245 0 _aCritical writing and reviewing: writing media critique, reviews and critical thinking
260 _aLagos
260 _bGreat Achievers communications
260 _c2017
300 _a172 p
942 _cBK
999 _c28790
_d28790